000 00397nam a22001697a 4500
005 20160625092735.0
008 160625b xxu||||| |||| 00| 0 eng d
020 _a81-229-0159-X
041 _aeng
082 _b9891
100 _aRolnicki, Tom E and others
_92699
245 _aScholastic Journalism
260 _bSurjeet
300 _a397
650 _aMass Communication
_92660
942 _cBK
999 _c3886
_d3885